Suma Teológica / (Record no. 166436)

MARC details
000 -LEADER
campo de control de longitud fija 01945nam a22003375i 4500
001 - NÚMERO DE CONTROL
campo de control 166436
003 - IDENTIFICADOR DE NÚMERO DE CONTROL
campo de control ES-MaACL
005 - FECHA Y HORA DE LA ÚLTIMA TRANSACCIÓN
campo de control 20250830020105.0
008 - DATOS DE LONGITUD FIJA--INFORMACIÓN GENERAL
campo de control de longitud fija 940206m18801883sp |||| | spa d
040 ## - FUENTE DE CATALOGACIÓN
Centro catalogador/agencia de origen CAM
Lengua de catalogación spa
100 0# - ENTRADA PRINCIPAL--NOMBRE DE PERSONA
Nombre de persona Tomás de Aquino,
Títulos y otros términos asociados al nombre Santo
9 (RLIN) 110514
240 #0 - TÍTULO UNIFORME
Título uniforme Summa theologica.
Lenguaje de la obra Español
245 10 - MENCIÓN DEL TÍTULO
Título Suma Teológica /
Mención de responsabilidad, etc. Santo Tomás de Aquino ; traducida directamente del latín por Hilario Abad de Aparicio ; revisada y anotada por Manuel Mendía, con la colaboración de Pompilio Díaz ; precedida de un prólogo de Ramón Martinez Vigil.
260 ## - PUBLICACIÓN, DISTRIBUCIÓN, ETC.
Lugar de publicación, distribución, etc. Madrid :
Nombre del editor, distribuidor, etc. Moya y Plaza,
Fecha de publicación, distribución, etc. 1880-1883.
300 ## - DESCRIPCIÓN FÍSICA
Extensión 5 v. ;
Dimensiones 27 cm.
505 8# - NOTA DE CONTENIDO CON FORMATO
Nota de contenido con formato De la restauración en las escuelas católicas de la filosofía cristiana conforme a la doctrina de Santo Tomas de Aquino / encíclica del Papa León XIII , P. 629-667. Diccionario de las voces y frases mas usadas por Santo Tomás y otros escolásticos / traducido... del escrito por S. de Zama Mellinio, P. 668-725. Teoría general de las pasiones según los autores antiguos y modernos / Manuel Chacón Guzquez, P. 727-729 (todas ellas contenidas en el t. V)
530 ## - NOTA DISPONIBLE DE FORMULARIO FÍSICO ADICIONAL
Nota de formato físico adicional disponible Disponible en formato digital.
596 ## - NOTA AL PIE DE IMPRENTA
NOTA AL PIE DE IMPRENTA Impresor en los vol. 4-5: Nicolás Moya.
597 ## - NOTA DE DESCRIPCIÓN FÍSICA
NOTA DE DESCRIPCIÓN FÍSICA Vol.1 (XLIV, 955 p., [2] h. pleg., [1] h. de lám.) -- vol. 2 (869 p.) -- vol. 3 (II, 1020 p.) -- vol. 4 (976 p.) -- vol. 5 (VIII, 749 p.)
597 ## - NOTA DE DESCRIPCIÓN FÍSICA
NOTA DE DESCRIPCIÓN FÍSICA Texto a dos col.
599 ## - NOTA A LAS ILUSTRACIONES
NOTA A LAS ILUSTRACIONES 1 h. de lám. en v. 1: "D. Martinez", retrato del autor.
650 07 - PUNTO DE ACCESO ADICIONAL DE MATERIA--TÉRMINO DE MATERIA
Término de materia o nombre geográfico como elemento de entrada Teología dogmática
Fuente del encabezamiento o término embne
9 (RLIN) 17468
700 1# - ENTRADA AGREGADA--NOMBRE PERSONAL
Nombre de persona Abad de Aparicio, Hilario
9 (RLIN) 17922
700 1# - ENTRADA AGREGADA--NOMBRE PERSONAL
Nombre de persona Mendía, Manuel.
9 (RLIN) 129830
700 1# - ENTRADA AGREGADA--NOMBRE PERSONAL
Nombre de persona Martínez Vigil, Ramón,
Fechas asociadas al nombre 1840-1904
9 (RLIN) 129639
700 1# - ENTRADA AGREGADA--NOMBRE PERSONAL
Nombre de persona Díaz, Pompilio.
9 (RLIN) 126906
852 ## - LOCALIZACIÓN
Ubicación ES-MaACL
Número de control de estantería F-2639-43
Nota libre -- Enc. hol.
856 ## - LOCALIZACIÓN Y ACCESO ELECTRÓNICOS
Identificador Uniforme de Recursos <a href="http://bdh-rd.bne.es/viewer.vm?id=0000015987&page=1 ">http://bdh-rd.bne.es/viewer.vm?id=0000015987&page=1 </a>
Nota pública Biblioteca Digital Hispánica
Holdings
Estatus retirado Estado de pérdida Estado de daño No para préstamo Colección Biblioteca de origen Biblioteca actual Ubicación en estantería Fecha de adquisición Total de préstamos Signatura topográfica completa Código de barras Visto por última vez Precio de reemplazo Tipo de ítem Koha
        Colección digital Biblioteca del Ateneo de Madrid Biblioteca del Ateneo de Madrid Depósito 2 17/01/2008   F-2639-43 1174557 23/02/2023 23/02/2023 Libro impreso antiguo